Ultimate cover letters : (Record no. 78675)

MARC details
000 -LEADER
fixed length control field 00882nam a22002537a 4500
005 - DATE AND TIME OF LATEST TRANSACTION
control field 20230726162148.0
010 ## - LCCN (DPL NO)
LC control number B-512386-396 ENG-110576 ENG-137595
020 ## - INTERNATIONAL STANDARD BOOK NUMBER
International Standard Book Number 9780749464059
Terms of availability 295.00
035 ## - SYSTEM CONTROL NUMBER
System control number B-512386-396
035 ## - SYSTEM CONTROL NUMBER
System control number EN-94108
035 ## - SYSTEM CONTROL NUMBER
System control number EN-121127
037 ## - SOURCE OF ACQUISITION
Stock number dpl
Source of stock number/acquisition BSB/Ven
037 ## - SOURCE OF ACQUISITION
Source of stock number/acquisition DBAD/PUB
082 ## - DEWEY DECIMAL CLASSIFICATION NUMBER
Classification number 650.142
100 ## - MAIN ENTRY--PERSONAL NAME
Personal name Yate, Martin John
245 ## - TITLE STATEMENT
Title Ultimate cover letters :
Statement of responsibility, etc by Martin John Yate
Remainder of title a guide to job search letters, online applications and follow-up strategies /
250 ## - EDITION STATEMENT
Edition statement 3rd ed
260 ## - PUBLICATION, DISTRIBUTION, ETC. (IMPRINT)
Place of publication, distribution, etc New Delhi
Name of publisher, distributor, etc Kogan Page
Date of publication, distribution, etc 2012
270 ## - ADDRESS
Address 4737/23 Ansari Road,Daryaganj,
City New Delhi
Postal code 110002
300 ## - PHYSICAL DESCRIPTION
Extent xii,267p. :
Other physical details ill.
Dimensions 24cm(pbk)
500 ## - GENERAL NOTE
General note Includes index
942 ## - ADDED ENTRY ELEMENTS (KOHA)
Source of classification or shelving scheme Dewey Decimal Classification
Item type English Books
Call number suffix YAT
Classification part 650.142
Holdings
Withdrawn status Lost status Not for loan Collection code Home library Current library Date acquired Source of acquisition Cost, normal purchase price Full call number Barcode Copy number Cost, replacement price Koha item type
      Non-fiction Central Jail Tihar Central Jail Tihar 11/11/2013 BSB/879/09.03.2013/169/08.03.2013/22.03.2013 295.00 650.142 YAT B-512391 1 295.00 English Books
  Written-off vide DLB M. No. 383 dt 16.05.19   Non-fiction Central Library Central Library 11/11/2013 BSB/879/09.03.2013/169/08.03.2013/22.03.2013 295.00 650.142 YAT B-512386 1 295.00 English Books
    Not For Loan Non-fiction D.B.Act.Division D.B.Act.Division 30/07/2014 DBAD/PUB 295.00 650.142 YAT EN-94108 1 295.00 English Books
      Non-fiction Janak Puri Janak Puri 11/11/2013 BSB/879/09.03.2013/169/08.03.2013/22.03.2013 295.00 650.142 YAT B-512392 1 295.00 English Books
      Non-fiction Karol Bagh Karol Bagh 11/11/2013 BSB/879/09.03.2013/169/08.03.2013/22.03.2013 295.00 650.142 YAT B-512394 1 295.00 English Books
      Non-fiction Kasturba Gandhi Marg Kasturba Gandhi Marg 11/11/2013 BSB/879/09.03.2013/169/08.03.2013/22.03.2013 295.00 650.142 YAT B-512388 1 295.00 English Books
      Non-fiction Narela Narela 11/11/2013 BSB/879/09.03.2013/169/08.03.2013/22.03.2013 295.00 650.142 YAT B-512395 1 295.00 English Books
      Non-fiction Patel Nagar Patel Nagar 11/11/2013 BSB/879/09.03.2013/169/08.03.2013/22.03.2013 295.00 650.142 YAT B-512387 1 295.00 English Books
      Non-fiction Peshwa Road Peshwa Road 11/11/2013 BSB/879/09.03.2013/169/08.03.2013/22.03.2013 295.00 650.142 YAT B-512389 1 295.00 English Books
      Non-fiction Sarojini Nagar Sarojini Nagar 11/11/2013 BSB/879/09.03.2013/169/08.03.2013/22.03.2013 295.00 650.142 YAT B-512393 1 295.00 English Books
      Non-fiction Shahdara Branch Shahdara Branch 11/11/2013 BSB/879/09.03.2013/169/08.03.2013/22.03.2013 295.00 650.142 YAT B-512396 1 295.00 English Books
      Non-fiction Shahdara Branch Shahdara Branch 27/07/2023 DBAD/PUB 295.00 650.142 YAT EN-121127 1 295.00 English Books
      Non-fiction Tri Nagar Tri Nagar 11/11/2013 BSB/879/09.03.2013/169/08.03.2013/22.03.2013 295.00 650.142 YAT B-512390 1 295.00 English Books

© Delhi Public Library
Hit Counter
free hit counter